000 02695 a2200253 4500
003 MN-UlNLM
005 20220503170122.0
008 a130t2003 mp ||||| |||| 00| 0 mon d
020 _a99929-7-028-6
040 _aМонгол Улсын Үндэсний номын сан
084 _2NNA
_a84(5Мон)-44
_bМ 695
_q84
110 _aМЗЭ
245 1 _aМонголын өгүүллэгийн цоморлиг
_b1990 оноос хойш бичигдсэн зохиол
_cЭмхт. Ц.Буянзаяа, Х.Зандраабайдий, Л.Чулуунцэцэг
250 _a1
260 1 _aУБ
_bСоёмбо Принтинг
_c2003
300 _a532х
490 _v2
546 _aMongolia
653 _aУран зохиол
_aМонголын уран зохиол өгүүллэг
740 _aС. Анударь - Ядаж чад, тэгээд.
_aГ. Аюурзана- Шүтэн бишрэгч.
_aБ. Бааст - Эргүү хөх будан.
_aГ. Бадамсамбуу - Явна.
_aЖ. Барамсай - Биегүй сүүдрүүд.
_aШ. Ванчаарай - Сүнс.
_aД. Батбаяр - Амрагийн тэнгэр.
_aД. Батжаргал - Мөөг.
_aП. Баярсайхан - Цусны өвчин.
_aЦ. Буянзаяа - Шинэ цагийн Молом тойны намтар.
_aЧ. Галсан - Эх.
_aБ. Ганбат - Үүрэг.
_aР. Ганбат - Хадлангийн оросууд.
_aД. Гармаа - Орших, эс оршихын учир.
_aМ. Гүрсэд - Өрлөг жанжны өчил.
_aГ. Дамба - Диваажингийн босго өндөр.
_aБ. Дариймаа - Зандан ээжийг минь асуувал.
_aС. Дашдооров - Бууж мордох хорвоо.
_aЖ. Дашзэгвэ - Цэцэг нялхарсан зун.
_aБ. Догмид - Хөх тэнгэрийн зарлиг.
_aЦ. Доржготов - Аймшигт амьсгаа.
_aХ. Зандраабайдий - Цаг бусын хувилгаад.
_aЖ. Лхагва - Хайрын зурвас.
_aБ.Лхагвасүрэн - Гурван сэрвэн.
_aГ. Ловор - Оньсого таалцсан нь.
_aС. Лочин - Нинаг буцаасан нь.
_aН. Мандал - Үхлийн гурвалжин.
_aЦ.Мухар - Эрдэмтэн.
_aД. Мягмар - Би хулгайч бас.
_aН. Нагаанбуу - Найргийн аялгуу.
_aС. Надмид - Таахаг.
_aД. Намсрай - Шар усны үер.
_aД. Норов - Хулчгар.
_aГ. Нямаа - Дөрвөн нүдтэй халтар гөлөг.
_aС. Пүрэв - Элсний нүүдэл.
856 _aprintbook
942 _cBK
999 _c44263
_d44263